000 00881nam a2200241 i 4500
003 DO-SdBNP
005 20250618092056.0
007 ta
008 230818e2008 dr ||||| |||| 00| 0 spa d
040 _aDO-SdBNP
_bspa
_cBNPHU
_erda
082 4 _axxx
_bC748
_222
110 _aRepùblica Dominicana
_bJunta Central Electoral
_964605
245 1 0 _aConferencias magistrales en la escuela nacional de formación electoral y de registro civil (EFEC) /
_cpresentación, Aura Celeste Fernández Rodríguez
264 1 _aSanto Domingo :
_bJunta Central Electoral,
_c2008.
300 _a99 páginas ;
_c22 cm.
336 _atexto
_btxt
_2rdacontent
337 _asin mediación
_bn
_2rdamedia
338 _avolumen
_bnc
_2rdacarrier
590 _aInventariado 2025 / YL
700 1 _aFernández Rodríguez, Aura Celeste
_epresentación
_4pr.
_988135
910 _aYLockward
942 _2ddc
_cLBS1
999 _c59326
_d59326